|
|
|
|
| LEADER |
00000cac a2200000 i 4500 |
| 003 |
Ucuenca |
| 005 |
20231129063527.0 |
| 006 |
a||||gr|||| 001 | |
| 007 |
ta |
| 008 |
181023s1994 ec aaaagr|||| 001 | spa a |
| 020 |
|
|
|a 9978-04-054-4
|
| 040 |
|
|
|b spa
|a UCuenca-cdrjbv
|c UCuenca
|e rda
|
| 041 |
0 |
|
|a spa
|
| 082 |
|
|
|2 22
|a 986.6
|c 352644
|
| 100 |
1 |
|
|a Andrade, Roberto.
|d 1850-1938
|9 5742
|e autor.
|
| 245 |
1 |
0 |
|a Quién mató a García Moreno?:
|b autobiografía de un perseguido.
|n Tomo 1 /
|c René Andrade Moreno, autor. Plutarco Naranjo Vargas y Fernando Jurado, estudio introductorio y notas.
|
| 250 |
|
|
|a Primera edición.
|
| 264 |
|
1 |
|a Cayambe:
|b Ediciones Abya-Yala,
|c 1994.
|
| 300 |
|
|
|a xv, 397 páginas:
|b ilu
|c 22 cm
|
| 336 |
|
|
|2 rdacontent
|a texto
|b txt
|
| 337 |
|
|
|2 rdamedia
|a no mediado
|b n
|
| 338 |
|
|
|2 rdacarrier
|a volumen
|b nc
|
| 490 |
|
|
|a Cuarta serie. Ecuador Mestizo,
|v Volumen VI
|
| 504 |
|
|
|a incl. bibind.
|
| 650 |
1 |
0 |
|a Historia ecuatoriana
|9 243
|
| 651 |
|
|
|2 UCuenca-cdrjbv
|
| 700 |
1 |
|
|a Naranjo, Plutarco.
|q (Plutarco Floresmilo Naranjo Vargas)
|d 1921-2012.
|9 291
|
| 700 |
1 |
|
|a Jurado Noboa, Fernando.
|d 1949-
|q (Fernando Jurado Noboa)
|9 7199
|
| 942 |
|
|
|c CR
|z paola.amaya@ucuenca.edu.ec
|2 ddc
|r bladimir.cabrerar@ucuenca.edu.ec
|
| 999 |
|
|
|c 155723
|d 155723
|